| 000 | 00618nam a22002057a 4500 | ||
|---|---|---|---|
| 999 |
_c16574 _d16574 |
||
| 003 | AR-CdUCM | ||
| 008 | 190503b ||||| |||| 00| 0 spa d | ||
| 040 |
_aMUNICIPALIDAD PROVINCIAL DEL CUSCO _cBIBLIOTECA MUNICIPAL DEL CUSCO |
||
| 082 |
_a635 / _bM23 |
||
| 110 |
_aBiblioteca popular latinoamericaca _936086 |
||
| 245 | _aEl huerto Casero / | ||
| 260 |
_aWashington : _bUnión panamericana / _c1955. |
||
| 300 |
_c19 cm. _eIlustraciones |
||
| 505 | _aContenido:Plantas / | ||
| 650 |
_aPlantas _918535 |
||
| 650 |
_aCultivo _919546 |
||
| 650 |
_aTierra _9337 |
||
| 942 |
_2ddc _cLIBROS |
||
| 945 |
_arjall _d2019-05-03 |
||